[Event "38th Olympiad"]
[Site "Dresden GER"]
[Date "2008.11.14"]
[Round "2"]
[White "Chung,S"]
[Black "Maduro,S"]
[Result "1/2-1/2"]
[WhiteElo "1828"]
[BlackElo "2048"]
[EventDate "2008.11.13"]

1. e4 e5 2. Nf3 Nc6 3. d4 exd4 4. Nxd4 Bc5 5. Be3 Bxd4 6. Bxd4 Nxd4 7. Qxd4
Qf6 8. e5 Qb6 9. Qxb6 axb6 10. Nc3 Ne7 11. Nb5 Ra4 12. Bd3 Nd5 13. b3 Ra5
14. O-O O-O 15. a4 Nf4 16. b4 Ra8 17. Nxc7 Rb8 18. g3 Nxd3 19. cxd3 d6 20.
exd6 Bh3 21. Rfe1 Rfd8 22. Nb5 Bd7 23. Re7 Bxb5 24. axb5 Kf8 25. Ra7 Rxd6
26. Rexb7 Rxb7 27. Rxb7 Rxd3 28. Rxb6 Rb3 29. Rb8+ Ke7 30. b6 Rxb4 31. Kf1
Rb2 32. Ke1 h5 33. h4 g6 34. f3 Kf6 35. g4 Rb4 36. gxh5 gxh5 37. Rh8 Kg7
38. Rxh5 Rxb6 39. Kf2 Rb2+ 40. Kg3 Rb4 41. Rg5+ Kh6 42. Rg4 Rb3 43. Rf4 Kg7
44. Kg4 Rb1 45. Rf5 Rg1+ 46. Kh5 Rh1 47. Rg5+ Kf6 48. Kg4 Rg1+ 49. Kf4 Rh1
50. Rg4 Rh3 51. Ke3 Rh2 52. Rb4 Kf5 53. Ra4 Kf6 54. Ra6+ Kg7 55. Ra4 Kf6
56. Rf4+ Kg6 57. Ke4 Re2+ 58. Kd5 Ra2 59. h5+ Kxh5 60. Rxf7 Kg6 61. Rf8 Re2
62. Rf4 Kg5 63. Re4 Rf2 64. Rg4+ Kf5 65. Rg8 Rxf3 1/2-1/2

[Event "38th Olympiad"]
[Site "Dresden GER"]
[Date "2008.11.14"]
[Round "2"]
[White "Anit,T"]
[Black "Hamperl,F"]
[Result "1/2-1/2"]
[WhiteElo "1881"]
[BlackElo "2076"]
[EventDate "2008.11.13"]

1. e4 c5 2. Nf3 Nc6 3. d4 cxd4 4. Nxd4 e5 5. Nf3 Nf6 6. Nc3 Bb4 7. Bd3 d5
8. Nd2 d4 9. Ne2 O-O 10. a3 Ba5 11. b4 Bc7 12. O-O Bg4 13. f3 Be6 14. Qe1
Nh5 15. g3 Ne7 16. g4 Nf4 17. Nxf4 exf4 18. Qf2 Rc8 19. Kg2 Ng6 20. Bb2 Bb6
21. h3 Ne5 22. Rac1 Rc7 23. Rh1 Qd7 24. Qe2 Rfc8 25. Rhg1 a6 26. Rgf1 Qa4
27. Kh1 Nxd3 28. cxd3 Rc2 29. Rxc2 Rxc2 30. Qd1 Bb3 31. Nxb3 Qxb3 32. Bc1
g5 33. Rf2 Rc3 34. Qxb3 Rxb3 35. Rd2 a5 36. bxa5 Bxa5 37. Rd1 Bc3 38. Kg1
Rb1 39. Rf1 Kg7 40. h4 h6 41. hxg5 hxg5 42. Kf2 Bb2 43. Bd2 Rxf1+ 44. Kxf1
Bxa3 45. Ke2 Kf6 46. Kd1 Ke5 47. Kc2 Bc5 48. Kb3 Kd6 49. Ba5 b6 50. Bd2 Kc6
51. Kc4 b5+ 52. Kb3 Kb6 53. Be1 Bd6 54. Bd2 Bc5 1/2-1/2

[Event "38th Olympiad"]
[Site "Dresden GER"]
[Date "2008.11.14"]
[Round "2"]
[White "Sharify,A"]
[Black "Brookfield,T"]
[Result "1-0"]
[WhiteElo "2118"]
[BlackElo "1763"]
[EventDate "2008.11.13"]

1. d4 f5 2. c4 Nf6 3. Nc3 e6 4. e3 Bb4 5. Bd2 b6 6. Nf3 Bb7 7. Be2 O-O 8.
O-O Bxc3 9. Bxc3 Ne4 10. Qc2 Rf6 11. Rad1 d6 12. d5 e5 13. Nd2 Nxc3 14.
Qxc3 Nd7 15. f4 e4 16. Nb3 a5 17. Nd4 Nc5 18. b3 Qe7 19. a3 a4 20. b4 Nd7
21. Rd2 Qf7 22. Bd1 Rh6 23. Qb2 Ba6 24. Qc1 Nf8 25. Rff2 Bc8 26. Nb5 Ba6
27. Bxa4 Qh5 28. g3 Bxb5 29. Bxb5 g5 30. Bc6 Rd8 31. Qd1 Qg6 32. Qf1 Qf6
33. Rde2 Rg6 34. Rc2 g4 35. a4 h5 36. a5 bxa5 37. bxa5 Nd7 38. a6 Nb6 39.
a7 h4 40. Qe1 Qh8 41. Qc3 Qh7 42. Rg2 Kf7 43. Rb2 hxg3 44. Rxg3 Rh8 45. c5
Rh6 46. Rgg2 g3 47. cxb6 Rxh2 48. Be8+ Ke7 49. Qxc7+ Kf6 50. Qxd6+ Kg7 51.
Qe7+ Kg8 52. Rxg3+ 1-0